Ekonomický rast a ekonomické rovnováhy v NH
Uložené v:
| Hlavný autor: | |
|---|---|
| Korporativný autor: | |
| Médium: | Kniha |
| Jazyk: | Slovak |
| Vydavateľské údaje: |
Bratislava
Ekonomická univerzita
1995
|
| Vydanie: | 2. vyd. |
| Predmet: | |
| Tagy: |
Žiadne tagy, Buďte prvý, kto otaguje tento záznam!
|
MARC
| LEADER | 00000nam a2200000 4500 | ||
|---|---|---|---|
| 001 | c011925 | ||
| 005 | 20221214070920.5 | ||
| 020 | |a 80-225-0697-4 | ||
| 041 | 0 | |a slo | |
| 044 | |a SK | ||
| 245 | 1 | 0 | |a Ekonomický rast a ekonomické rovnováhy v NH |c Vladimír Mokrý |
| 250 | |a 2. vyd. | ||
| 264 | 1 | |a Bratislava |b Ekonomická univerzita |c 1995 | |
| 300 | |a 82 s. | ||
| 610 | 2 | 0 | |a rast hospodársky |
| 610 | 2 | 0 | |a rovnováha hospodárska |
| 610 | 2 | 0 | |a hospodárstvo trhové |
| 610 | 2 | 0 | |a trh |
| 610 | 2 | 0 | |a trh práce |
| 610 | 2 | 0 | |a trh kapitálový |
| 610 | 2 | 0 | |a trh peňažný |
| 610 | 2 | 0 | |a papiere cenné |
| 610 | 2 | 0 | |a dopyt |
| 610 | 2 | 0 | |a ponuka |
| 610 | 2 | 0 | |a hospodárstvo národné |
| 100 | 1 | |a Mokrý, Vladimír | |
| 710 | 2 | |a Ekonomická univerzita v Bratislave. Národohospodárska fakulta | |